|
|
|
|
| LEADER |
00000nam a2200000 a 4500 |
| 001 |
vtls011842143 |
| 003 |
SK-MaSNL |
| 005 |
20260301100858.0 |
| 008 |
251112s1765 ru 000 0 ger |
| 015 |
|
|
|a SNBHFA1765
|
| 040 |
|
|
|a SNKHF
|b slo
|c SNK
|e AACR2
|
| 041 |
0 |
|
|a ger
|
| 044 |
|
|
|a ru
|c RU
|
| 072 |
|
7 |
|a 93/94
|x Dejiny (všeobecne)
|2 konspekt
|
| 080 |
|
|
|a 93/94
|2 2011
|
| 080 |
|
|
|a 737.1
|2 2011
|
| 100 |
1 |
|
|a Madai, Dávid Samuel,
|d 1709-1780
|4 aut
|9 67592
|
| 245 |
1 |
0 |
|a Vollständiges Thaler- Cabinet aufs neue ansehnlich vermehret, in zweyen Theilen
|n Erster Theil
|c herausgegeben, und mit nöthigen Registern versehen von David Samuel Madai
|
| 246 |
3 |
8 |
|a Madai Thaler Cabinet
|n 1.
|
| 260 |
|
|
|a Königsberg
|b verlegts J. H. Hartungs Erben, und Joh. Daniel Zeife
|c 1765
|e (Halle)
|f (gedruckt bey Johann Gottfried Trampe)
|
| 300 |
|
|
|a [28], 768 strán
|c 20 cm
|
| 500 |
|
|
|a Vinety, ornamentálne iniciálky na 3-6 riadkov, iniciálky tlačené bez pozadia na 2 riadky, živé záhlavie, kustody
|
| 501 |
|
|
|a Príväzok 1.: MADAI, David Samuel. Des Vollständigen Thaler- Cabinets Erste Fortsetzung. Königsberg : verlegst Zeisens Witwe und Hartungs Erben, 1768.
|5 SNK IC 144998/1/prív.1
|
| 508 |
|
|
|a Dedikácia: Franz dem Ersten, Erwähltem Römischen Kayser
|
| 546 |
|
|
|a Nemčina
|b Fraktúra
|
| 561 |
|
|
|a Z knižnice Učenej spoločnosti malohontskej.
|5 SNK IC 144998/1
|
| 561 |
|
|
|a Na titulnom liste rukopisný posesorský záznam: Petr Kubinyi.
|5 SNK IC 144998/1
|
| 650 |
0 |
7 |
|a mince
|2 SNKPH
|9 2305
|
| 700 |
1 |
|
|a Kubíni, Peter,
|d 1765-1835
|4 fmo
|9 185995
|
| 700 |
0 |
|
|a František Štefan
|b I.,
|c cisár Svätej ríše rímskej,
|d 1708-1765
|4 hnr
|9 239881
|
| 710 |
2 |
|
|a Učená spoločnosť malohontská
|4 fmo
|9 205374
|
| 710 |
0 |
|
|a Hartung, Hanna (Kaliningrad, Rusko),
|d 1756-1774
|4 pbl
|9 356787
|
| 710 |
0 |
|
|a Zeise, Johann Daniel (Kaliningrad, Rusko),
|d -1766
|4 pbl
|9 434312
|
| 710 |
0 |
|
|a Trampe, Johann Gottfried (Halle, Nemecko),
|d 1762-1778
|4 prt
|9 434313
|
| 752 |
|
|
|a Rusko
|d Kaliningrad
|
| 852 |
|
|
|a snk
|b Historické fondy
|p IC 144998/1
|
| 999 |
|
|
|c 687635
|d 689565
|
| 952 |
|
|
|t MHC XIII.H.17 ; 1723
|a SNK
|b SNK
|c SNK_HF
|y PREZ
|7 0
|p 17A1354903
|o snkIC 144998/1
|i snk2019/4873
|8 5
|0 0
|1 0
|4 0
|d 2019-02-21
|l 0
|r 2026-02-23 20:17:10
|w 2026-02-23
|